[Event "7eme Open de Saint-Chely d'Aubrac"]
[Site "Saint-Chely d'Aubrac (12)"]
[Date "2007.07.18"]
[Round "6.1"]
[White "Nass, Emile"]
[Black "Degraeve, Jean-Marc"]
[Result "0-1"]
[WhiteElo "2095"]
[BlackElo "2520"]
[PlyCount "50"]
[EventDate "2007.??.??"]

1. Nf3 g6 2. d4 Bg7 3. g3 c5 4. c3 Qa5 5. Nbd2 cxd4 6. Nb3 Qa4 7. cxd4 Nf6 8.
Bg2 O-O 9. O-O d6 10. Re1 Bf5 11. Nh4 Be4 12. Bxe4 Nxe4 13. f3 Nf6 14. e4 Nc6
15. Be3 Nd7 16. Qd3 Nb4 17. Qd2 Rfc8 18. Rec1 Nb6 19. Bf2 Rxc1+ 20. Nxc1 Rc8
21. b3 Qa3 22. Nd3 Nc2 23. Rc1 Nxd4 24. Rxc8+ Nxc8 25. Nf4 Nc6 0-1

[Event "7eme Open de Saint-Chely d'Aubrac"]
[Site "Saint-Chely d'Aubrac (12)"]
[Date "2007.07.18"]
[Round "6.2"]
[White "Riff, Jean-Noel"]
[Black "Candy, Romain"]
[Result "1-0"]
[WhiteElo "2460"]
[BlackElo "2060"]
[PlyCount "115"]
[EventDate "2007.??.??"]

1. e4 c5 2. Nf3 d6 3. Bb5+ Bd7 4. Bxd7+ Qxd7 5. O-O Nc6 6. c3 Nf6 7. Qe2 e6 8.
Rd1 Be7 9. d4 cxd4 10. cxd4 d5 11. e5 Ne4 12. Be3 Rc8 13. Ne1 h6 14. f3 Ng5 15.
Nc3 Nh7 16. Rac1 Nf8 17. f4 g6 18. Nd3 Qd8 19. Nc5 Nxd4 20. Bxd4 Bxc5 21. Bxc5
Rxc5 22. Ne4 Rxc1 23. Nd6+ Ke7 24. Rxc1 Nd7 25. Qf2 Qa5 26. h3 Kf8 27. Qh4 Qd2
28. Rc8+ Kg7 29. Ne8+ Kh7 30. Rd8 Qd4+ 31. Kh1 g5 32. Qg4 Qxf4 33. Rxd7 Rxe8
34. Qxf4 gxf4 35. Rxf7+ Kg6 36. Rxf4 Re7 37. Rf6+ Kg7 38. Kh2 Re8 39. Kg3 Re7
40. Kg4 Re8 41. h4 Re7 42. h5 Re8 43. Rg6+ Kf7 44. Rxh6 Rg8+ 45. Kf3 Rg5 46. g4
Rxe5 47. Rh7+ Kf6 48. Rxb7 d4 49. Kf4 Rd5 50. h6 d3 51. h7 Rd8 52. Rd7 Rh8 53.
Ke3 Kg5 54. Kxd3 Kxg4 55. Ke4 Kg5 56. Ke5 Re8 57. Rg7+ Kh6 58. Rg8 1-0

[Event "7eme Open de Saint-Chely d'Aubrac"]
[Site "Saint-Chely d'Aubrac (12)"]
[Date "2007.07.18"]
[Round "6.3"]
[White "Desboeufs, Alexandre"]
[Black "Saucey, Michel"]
[Result "0-1"]
[WhiteElo "2065"]
[BlackElo "2347"]
[PlyCount "60"]
[EventDate "2007.??.??"]

1. e4 c5 2. Nc3 Nc6 3. f4 g6 4. Bc4 Bg7 5. Nf3 e6 6. d3 Nge7 7. O-O d5 8. Bb3
O-O 9. Qe1 Nd4 10. Nxd4 cxd4 11. Ne2 a5 12. a4 dxe4 13. dxe4 b6 14. Ng3 Bb7 15.
f5 exf5 16. exf5 Nd5 17. fxg6 hxg6 18. Ne4 Ne3 19. Bxe3 dxe3 20. Rd1 Qe7 21.
Nd6 e2 22. Rxf7 Rxf7 23. Bxf7+ Kh7 24. Rd3 Bd4+ 25. Kh1 Qxd6 26. Qxe2 Rf8 27.
Bxg6+ Qxg6 28. Rg3 Re8 29. Qd2 Qf5 30. Qd1 Bf2 0-1

[Event "7eme Open de Saint-Chely d'Aubrac"]
[Site "Saint-Chely d'Aubrac (12)"]
[Date "2007.07.18"]
[Round "6.4"]
[White "Chamba, Antoine"]
[Black "Bonneville, Jean-Paul"]
[Result "0-1"]
[WhiteElo "2091"]
[BlackElo "2048"]
[PlyCount "68"]
[EventDate "2007.??.??"]

1. Nf3 Nf6 2. g3 d5 3. Bg2 c6 4. O-O Bg4 5. d3 Nbd7 6. h3 Bh5 7. c4 dxc4 8. g4
Bg6 9. dxc4 e5 10. Qb3 Qc7 11. Be3 Ne4 12. Nbd2 Nec5 13. Qc3 Ne6 14. b4 c5 15.
b5 Be7 16. Rad1 Nd4 17. Bxd4 cxd4 18. Qb2 O-O 19. e3 d3 20. e4 Rad8 21. Qc3 Nc5
22. Qxe5 Bd6 23. Qc3 Bxe4 24. Rfe1 f5 25. Ng5 Bh2+ 26. Kh1 Bxg2+ 27. Kxg2 fxg4
28. Nde4 gxh3+ 29. Kh1 Be5 30. Qb4 Nxe4 31. Nxe4 Qf7 32. Re3 Rd4 33. f3 Rxe4
34. fxe4 Qf1+ 0-1

[Event "7eme Open de Saint-Chely d'Aubrac"]
[Site "Saint-Chely d'Aubrac (12)"]
[Date "2007.07.18"]
[Round "6.5"]
[White "Lemaire, Matthieu"]
[Black "De Biasi, Robert"]
[Result "1-0"]
[WhiteElo "1934"]
[BlackElo "1825"]
[PlyCount "67"]
[EventDate "2007.??.??"]

1. e4 c5 2. c3 d5 3. exd5 Qxd5 4. d4 Nf6 5. Nf3 e6 6. Bd3 Be7 7. O-O O-O 8. Qe2
cxd4 9. cxd4 Nc6 10. Rd1 a6 11. Nc3 Qd8 12. a3 b5 13. Bg5 h6 14. Bxf6 Bxf6 15.
Qe4 g6 16. Qxc6 Bd7 17. Qe4 Rc8 18. Ne5 Bxe5 19. dxe5 Bc6 20. Qf4 Kg7 21. Bxb5
Qb6 22. Bxc6 Qxc6 23. Ne4 Rb8 24. b4 Qc2 25. Nc5 Rb5 26. Rd7 Rb6 27. Re7 Qc3
28. Rf1 Qxa3 29. Nd7 Rxb4 30. Qf6+ Kg8 31. Nxf8 Rf4 32. Qxf4 Qxe7 33. Nxg6 fxg6
34. Qxh6 1-0

[Event "7eme Open de Saint-Chely d'Aubrac"]
[Site "Saint-Chely d'Aubrac (12)"]
[Date "2007.07.18"]
[Round "6.6"]
[White "Deschler, Fabrice"]
[Black "Mourgues, Joelle"]
[Result "1-0"]
[WhiteElo "2151"]
[BlackElo "1798"]
[PlyCount "67"]
[EventDate "2007.??.??"]

1. d4 Nf6 2. c4 e6 3. g3 Bb4+ 4. Bd2 Bxd2+ 5. Qxd2 Ne4 6. Qe3 f5 7. Bg2 Nf6 8.
Nc3 d6 9. Nh3 Qe7 10. Nf4 c6 11. h3 e5 12. Nd3 e4 13. Nc1 d5 14. c5 Be6 15. b4
O-O 16. O-O b5 17. a4 bxa4 18. Rxa4 a5 19. Nb3 Na6 20. b5 cxb5 21. Rxa5 b4 22.
Nb5 Nc7 23. Rfa1 Rxa5 24. Rxa5 Rb8 25. Nxc7 Qxc7 26. Bf1 Nd7 27. Qf4 Qxf4 28.
gxf4 Nf6 29. e3 h6 30. h4 Ng4 31. Be2 Nf6 32. Kg2 g5 33. hxg5 hxg5 34. fxg5 1-0

[Event "7eme Open de Saint-Chely d'Aubrac"]
[Site "Saint-Chely d'Aubrac (12)"]
[Date "2007.07.18"]
[Round "6.7"]
[White "Jester, Christian"]
[Black "Baeumlin, Francois"]
[Result "0-1"]
[WhiteElo "1871"]
[BlackElo "2018"]
[PlyCount "60"]
[EventDate "2007.??.??"]

1. d4 Nf6 2. c4 e6 3. Nf3 b6 4. g3 Bb7 5. Bg2 Be7 6. O-O O-O 7. Nc3 d6 8. Re1
Nbd7 9. e4 e5 10. d5 a5 11. Nh4 Bc8 12. Bh3 Ne8 13. Ng2 Bf6 14. Qc2 g6 15. f4
exf4 16. Nxf4 Ne5 17. Qe2 g5 18. Bxc8 Rxc8 19. Ng2 g4 20. Ne3 Nf3+ 21. Kf2 Nxe1
22. Qxg4+ Kh8 23. Kxe1 Rg8 24. Qf3 Bxc3+ 25. bxc3 Qf6 26. Nf5 Ng7 27. g4 Nxf5
28. gxf5 Rg1+ 29. Kd2 Qh6+ 30. Kd3 Rxc1 0-1

[Event "7eme Open de Saint-Chely d'Aubrac"]
[Site "Saint-Chely d'Aubrac (12)"]
[Date "2007.07.18"]
[Round "6.8"]
[White "Boulier, Rene"]
[Black "Heudre, Dominique"]
[Result "0-1"]
[WhiteElo "1971"]
[BlackElo "1720"]
[PlyCount "110"]
[EventDate "2007.??.??"]

1. e4 e6 2. d4 d5 3. Nd2 c5 4. exd5 Qxd5 5. dxc5 Bxc5 6. Ngf3 Nf6 7. Bc4 Qd8 8.
O-O a6 9. Qe2 b5 10. Bd3 Bb7 11. Bxb5+ Nc6 12. Bd3 Qc7 13. Nb3 Bd6 14. h3 Nb4
15. c3 Nxd3 16. Qxd3 Rd8 17. Qe2 O-O 18. Bg5 Be7 19. Bxf6 Bxf6 20. Rfd1 Qb6 21.
Nfd2 Qc7 22. Ne4 Be7 23. Nd4 Rd7 24. Nf3 Rfd8 25. Rxd7 Qxd7 26. Qe3 Qd3 27.
Qxd3 Rxd3 28. Ned2 g5 29. Kf1 h5 30. Ke2 Rd8 31. Rg1 f5 32. Nd4 Kf7 33. N2b3
Kf6 34. f3 Bd5 35. Rd1 Bc4+ 36. Ke1 f4 37. Nc6 Rxd1+ 38. Kxd1 Bf1 39. g4 fxg3
40. Ke1 Bxh3 41. Nxe7 Kxe7 42. Nc5 Bf5 43. Nxa6 h4 44. Kf1 h3 45. Nb4 e5 46.
Nd5+ Ke6 47. Ne3 Bd3+ 48. Kg1 e4 49. fxe4 Bxe4 50. Nf1 g2 51. Ng3 Bf3 52. a4
Ke5 53. a5 Kf4 54. Kh2 g1=Q+ 55. Kxg1 Kxg3 0-1

[Event "7eme Open de Saint-Chely d'Aubrac"]
[Site "Saint-Chely d'Aubrac (12)"]
[Date "2007.07.18"]
[Round "6.9"]
[White "Danzanvilliers, Patrice"]
[Black "Schmitt, Claude"]
[Result "1/2-1/2"]
[WhiteElo "1858"]
[BlackElo "1970"]
[PlyCount "59"]
[EventDate "2007.??.??"]

1. e4 c5 2. Nf3 e6 3. d4 cxd4 4. Nxd4 Nf6 5. Nc3 d6 6. Bc4 Be7 7. Be3 O-O 8.
Qe2 Bd7 9. O-O-O a6 10. Bb3 b5 11. f3 Nc6 12. g4 h6 13. Nxc6 Bxc6 14. e5 Ne8
15. exd6 Bxd6 16. Bc5 Qg5+ 17. Be3 Bf4 18. Rd3 Nf6 19. h4 Bxe3+ 20. Rxe3 Qf4
21. Rg1 Rfd8 22. g5 Nd5 23. Nxd5 Bxd5 24. Rg4 Qf5 25. gxh6 g6 26. Bxd5 Rxd5 27.
Rg5 Qf4 28. Rxd5 exd5 29. Kd1 Qd4+ 30. Kc1 1/2-1/2

[Event "7eme Open de Saint-Chely d'Aubrac"]
[Site "Saint-Chely d'Aubrac (12)"]
[Date "2007.07.18"]
[Round "6.10"]
[White "Carno, Matthias"]
[Black "Epstein, Raphael"]
[Result "1-0"]
[WhiteElo "1940"]
[BlackElo "1771"]
[PlyCount "119"]
[EventDate "2007.??.??"]

1. e4 c6 2. f4 d5 3. exd5 cxd5 4. Nf3 Bg4 5. b3 e6 6. Bb2 Nf6 7. Be2 Bxf3 8.
Bxf3 Bc5 9. d4 Bb4+ 10. c3 Be7 11. O-O O-O 12. Nd2 Nc6 13. Re1 Qb6 14. Nf1 a5
15. a4 Bd6 16. g3 Rfc8 17. Ne3 Qd8 18. f5 Qc7 19. fxe6 fxe6 20. Ng4 Re8 21. Qd2
Qf7 22. Qg5 Nxg4 23. Bxg4 h6 24. Qd2 Qg6 25. Bh3 Re7 26. Re2 Rf8 27. Rae1 Nd8
28. c4 Bb4 29. Bc3 Bxc3 30. Qxc3 dxc4 31. bxc4 h5 32. d5 h4 33. Bxe6+ Nxe6 34.
Rxe6 Rxe6 35. Rxe6 Qb1+ 36. Qe1 Qf5 37. d6 h3 38. Re8 Qc5+ 39. Qe3 Qxd6 40.
Rxf8+ Qxf8 41. Qe6+ Kh8 42. Qxh3+ Kg8 43. Qe6+ Kh8 44. Qd5 b6 45. Kg2 Qb4 46.
Qb5 Qd2+ 47. Kf3 Qd3+ 48. Kg4 Qg6+ 49. Qg5 Qe4+ 50. Qf4 Qg6+ 51. Kh3 Qe6+ 52.
g4 Kg8 53. Kh4 Qc6 54. g5 g6 55. Qd4 Qe6 56. Qd5 Kf7 57. Qxe6+ Kxe6 58. Kg4 Ke5
59. h4 Kd4 60. h5 1-0

[Event "7eme Open de Saint-Chely d'Aubrac"]
[Site "Saint-Chely d'Aubrac (12)"]
[Date "2007.07.18"]
[Round "6.11"]
[White "Messinger, Karl"]
[Black "Huin, Eric"]
[Result "0-1"]
[WhiteElo "1640"]
[BlackElo "1929"]
[PlyCount "46"]
[EventDate "2007.??.??"]

1. e4 e5 2. Nf3 Nc6 3. Bb5 a6 4. Ba4 Nf6 5. O-O Be7 6. Re1 b5 7. Bb3 O-O 8. c3
d5 9. exd5 e4 10. Ng5 Bg4 11. Qc2 Ne5 12. Nxe4 Nxe4 13. Qxe4 Bd6 14. d4 f5 15.
Qe3 f4 16. Qe4 Bf5 17. Qe2 f3 18. gxf3 Bd3 19. Qe3 Nxf3+ 20. Kg2 Qh4 21. h3
Nxe1+ 22. Qxe1 Be4+ 23. Kg1 Qxh3 0-1

[Event "7eme Open de Saint-Chely d'Aubrac"]
[Site "Saint-Chely d'Aubrac (12)"]
[Date "2007.07.18"]
[Round "6.12"]
[White "Mayet, Lucas"]
[Black "Duffau, Pascal"]
[Result "0-1"]
[WhiteElo "1741"]
[BlackElo "2011"]
[PlyCount "56"]
[EventDate "2007.??.??"]

1. d4 Nf6 2. c4 e6 3. Nf3 b6 4. Nc3 Bb7 5. e3 Be7 6. Bd3 d5 7. O-O O-O 8. b3 c5
9. Bb2 Nbd7 10. Rc1 Rc8 11. Qe2 Qc7 12. Rfd1 Rfe8 13. cxd5 exd5 14. dxc5 bxc5
15. Bf5 Rcd8 16. Ba3 Ne5 17. Nxe5 Qxe5 18. Bd3 Bd6 19. f4 Qxe3+ 20. Qxe3 Rxe3
21. f5 Bf4 22. Rc2 c4 23. Bxc4 Rc8 24. Bc1 dxc4 25. Bxe3 Bxe3+ 26. Kf1 cxb3 27.
axb3 h5 28. Rd3 Ba6 0-1

[Event "7eme Open de Saint-Chely d'Aubrac"]
[Site "Saint-Chely d'Aubrac (12)"]
[Date "2007.07.18"]
[Round "6.13"]
[White "Luc, Rene"]
[Black "Labarthe, Arnaud"]
[Result "0-1"]
[WhiteElo "1710"]
[BlackElo "1952"]
[PlyCount "82"]
[EventDate "2007.??.??"]

1. c4 Nc6 2. Nf3 e5 3. d4 exd4 4. Nxd4 g6 5. Nxc6 bxc6 6. e4 Bg7 7. Qc2 Ne7 8.
Bf4 O-O 9. Nd2 Rb8 10. Nb3 c5 11. Rb1 Nc6 12. a3 f5 13. exf5 Rxf5 14. Be3 Nd4
15. Nxd4 cxd4 16. Bd3 dxe3 17. Bxf5 exf2+ 18. Qxf2 Qe7+ 19. Qe2 Qxe2+ 20. Kxe2
gxf5 21. b4 Bb7 22. Kf2 Be4 23. Rbd1 d6 24. Rhf1 Bb2 25. b5 Bxa3 26. Ra1 Bc5+
27. Kg3 Kh8 28. Kf4 Bxg2 29. Rfe1 Be4 30. h4 Rg8 31. Rxe4 fxe4 32. Kxe4 Rg4+
33. Kd5 Rxh4 34. Kc6 Rxc4 35. Kd5 Rd4+ 36. Ke6 Bb6 37. Rf1 Kg7 38. Kd7 Rd2 39.
Re1 Rf2 40. Re4 Rf7+ 41. Kc6 h5 0-1

[Event "7eme Open de Saint-Chely d'Aubrac"]
[Site "Saint-Chely d'Aubrac (12)"]
[Date "2007.07.18"]
[Round "6.14"]
[White "Rabier, Jean"]
[Black "Viennot, Dylan"]
[Result "1-0"]
[WhiteElo "1930"]
[BlackElo "1840"]
[PlyCount "145"]
[EventDate "2007.??.??"]

1. e4 c5 2. Nf3 Nc6 3. Bb5 d6 4. O-O Bd7 5. c3 Nf6 6. Re1 a6 7. Ba4 b5 8. Bc2
Bg4 9. d3 e6 10. Be3 Be7 11. Nbd2 O-O 12. d4 c4 13. Qb1 e5 14. d5 Na5 15. h3
Bh5 16. Nh2 Nd7 17. f4 Bh4 18. Rc1 Bg3 19. f5 Bxh2+ 20. Kxh2 f6 21. g4 Bf7 22.
Rg1 Kh8 23. Nf3 Nb7 24. Qe1 Bg8 25. Nh4 Qe8 26. g5 fxg5 27. Rxg5 Bf7 28. Qg3
Nf6 29. Rg1 Nc5 30. Bxc5 dxc5 31. Qg2 Rg8 32. Bd1 Bh5 33. Bxh5 Nxh5 34. Qf3 Nf4
35. Qg4 Qf8 36. Ng6+ Nxg6 37. Rxg6 Qf7 38. Re6 Rge8 39. h4 Rxe6 40. dxe6 Qf6
41. Qg5 Rd8 42. Qxf6 gxf6 43. Rd1 Re8 44. Rd7 Kg8 45. Kg3 a5 46. Kf3 a4 47. Ke2
Ra8 48. a3 b4 49. Rb7 bxa3 50. bxa3 Kf8 51. Rxh7 Ra6 52. Rc7 Rb6 53. Rxc5 Rb3
54. Rxc4 Rxa3 55. h5 Ra2+ 56. Kd3 a3 57. Ra4 Rh2 58. Rxa3 Rxh5 59. Kc4 Ke7 60.
Kd5 Rh3 61. Ra7+ Ke8 62. Rf7 Rd3+ 63. Kc4 Re3 64. Rxf6 Rxe4+ 65. Kd5 Ra4 66.
Kxe5 Rc4 67. Rh6 Kf8 68. f6 Kg8 69. e7 Rc8 70. Ke6 Rc6+ 71. Kd7 Re6 72. f7+
Kxf7 73. Rxe6 1-0

[Event "7eme Open de Saint-Chely d'Aubrac"]
[Site "Saint-Chely d'Aubrac (12)"]
[Date "2007.07.18"]
[Round "6.15"]
[White "Saucey, Capucine"]
[Black "Martinez, Loic"]
[Result "1-0"]
[WhiteElo "1629"]
[BlackElo "1880"]
[PlyCount "119"]
[EventDate "2007.??.??"]

1. e4 e5 2. Nf3 Nc6 3. Bc4 Bc5 4. c3 Bb6 5. d3 d6 6. Ng5 Nh6 7. Qf3 Qe7 8. Qg3
Nd8 9. f3 Ng8 10. Nh3 Nf6 11. Nf2 Nh5 12. Qg5 Qxg5 13. Bxg5 Ne6 14. Bxe6 Bxe6
15. Na3 h6 16. Bd2 O-O-O 17. Nc2 Rhf8 18. Be3 Bxe3 19. Nxe3 c6 20. c4 a5 21. a4
Kc7 22. Rc1 Ra8 23. Kd2 Ra6 24. Rc3 Rb6 25. b3 Kd7 26. Rhc1 Nf6 27. R1c2 Ne8
28. Rb2 c5 29. Nd5 Bxd5 30. cxd5 Nc7 31. Nd1 Ra6 32. Ne3 b5 33. Rc1 Rb8 34.
Rcb1 bxa4 35. bxa4 Rb4 36. Nc4 Na8 37. Rxb4 cxb4 38. Kc2 Nb6 39. Kb3 h5 40. Rc1
g6 41. Rf1 Nc8 42. f4 exf4 43. Rxf4 Ke7 44. d4 f6 45. h3 Nb6 46. Nxb6 Rxb6 47.
Rf2 Rb7 48. Rc2 Kd7 49. Rf2 Ke7 50. g4 h4 51. Re2 Rc7 52. Re3 Rc1 53. e5 dxe5
54. dxe5 Rc3+ 55. Rxc3 bxc3 56. exf6+ Kxf6 57. Kxc3 Ke5 58. Kc4 Kd6 59. Kd4 g5
60. Ke4 1-0

[Event "7eme Open de Saint-Chely d'Aubrac"]
[Site "Saint-Chely d'Aubrac (12)"]
[Date "2007.07.18"]
[Round "6.16"]
[White "Gazel, Bruno"]
[Black "Sidibe, Malika"]
[Result "1/2-1/2"]
[WhiteElo "1630"]
[BlackElo "1868"]
[PlyCount "73"]
[EventDate "2007.??.??"]

1. e4 c5 2. Nf3 Nc6 3. d4 cxd4 4. Nxd4 e5 5. Nb3 Nf6 6. Bd3 d5 7. exd5 Nxd5 8.
O-O Be7 9. Be4 Be6 10. Nc3 Nxc3 11. Bxc6+ bxc6 12. bxc3 O-O 13. Be3 Bf5 14. Qe2
Qc7 15. Rfd1 Rfd8 16. Bc5 Bf6 17. c4 Be6 18. Nd2 Qa5 19. Ne4 Rxd1+ 20. Rxd1 Bd8
21. a3 Bf5 22. Bb4 Qa4 23. Qd3 Bb6 24. Nf6+ gxf6 25. Qxf5 c5 26. Qg4+ Kf8 27.
Bd2 Rd8 28. Bh6+ Ke7 29. Rxd8 Bxd8 30. Qf3 Qd7 31. h3 Bc7 32. Qd3 Qxd3 33. cxd3
Kd6 34. Kf1 f5 35. Bd2 Ke6 36. Ke2 e4 37. f3 1/2-1/2

[Event "7eme Open de Saint-Chely d'Aubrac"]
[Site "Saint-Chely d'Aubrac (12)"]
[Date "2007.07.18"]
[Round "6.17"]
[White "Tournier, Jean-Pascal"]
[Black "Lemaire, Olivier"]
[Result "1/2-1/2"]
[WhiteElo "1888"]
[BlackElo "1578"]
[PlyCount "69"]
[EventDate "2007.??.??"]

1. e4 e5 2. Nf3 Nc6 3. Bb5 Nd4 4. Nxd4 exd4 5. O-O Bc5 6. Re1 Ne7 7. d3 Ng6 8.
a3 O-O 9. Nd2 c6 10. Bc4 d5 11. exd5 cxd5 12. Ba2 Be6 13. Nf3 Qc7 14. b4 Bb6
15. Bb2 Rac8 16. Rc1 Qf4 17. Qd2 Qxd2 18. Nxd2 Ne7 19. Nf3 Nf5 20. h3 h5 21.
Ng5 Rfe8 22. Re2 Bd8 23. Nxe6 Rxe6 24. Rxe6 fxe6 25. Bb3 Bf6 26. Re1 Kf7 27.
Re2 b5 28. Re1 g5 29. Ra1 Rb8 30. a4 a6 31. axb5 axb5 32. Ra7+ Ne7 33. Kf1 Be5
34. Ke2 Kf6 35. g3 1/2-1/2

[Event "7eme Open de Saint-Chely d'Aubrac"]
[Site "Saint-Chely d'Aubrac (12)"]
[Date "2007.07.18"]
[Round "6.18"]
[White "Viennot, Kevin"]
[Black "Godard, Steven"]
[Result "1/2-1/2"]
[WhiteElo "1760"]
[BlackElo "1499"]
[PlyCount "140"]
[EventDate "2007.??.??"]

1. e4 c6 2. d4 d5 3. e5 Bf5 4. Nf3 e6 5. Be2 c5 6. O-O Nc6 7. Re1 Qb6 8. c3
cxd4 9. cxd4 Bb4 10. Nc3 Bxc3 11. bxc3 Nge7 12. Qd2 O-O 13. Ba3 Rfe8 14. Nh4
Be4 15. f3 Bg6 16. Nxg6 hxg6 17. Bc5 Qc7 18. Bd6 Qd7 19. Reb1 Nf5 20. Ba3 f6
21. f4 Kf7 22. Rb3 Rh8 23. Rab1 b6 24. Bb5 Qc7 25. Bc1 Na5 26. Ra3 Nc4 27. Bxc4
Qxc4 28. Rb4 Qc6 29. Qd3 Rhc8 30. Bd2 Rc7 31. Qb5 Qxb5 32. Rxb5 Rac8 33. Rb4
Ne7 34. Rba4 a5 35. Rb3 Rc6 36. Kf2 R8c7 37. Rb1 Nc8 38. Ra3 Rc4 39. Rab3 f5
40. Re1 Ra4 41. a3 Rac4 42. Re3 Rb7 43. Ke2 a4 44. Rb1 Na7 45. Rh3 Kg8 46. Kd3
Nc6 47. Rg3 Kf7 48. Rf1 Na5 49. Rff3 Nb3 50. Rh3 Nxd2 51. Kxd2 Rb8 52. Rfg3 Rc7
53. Rg5 Ra7 54. Rhg3 Ra5 55. Rxg6 Rg8 56. h4 Rb5 57. h5 Rh8 58. Rxg7+ Kf8 59.
Ra7 Rxh5 60. Rxa4 Rb2+ 61. Kd3 Rh1 62. Ra8+ Kf7 63. Ra7+ Kf8 64. Rgg7 Rd1+ 65.
Ke3 Rdd2 66. Rgc7 Re2+ 67. Kf3 Rf2+ 68. Kg3 Rxg2+ 69. Kh4 Rh2+ 70. Kg3 Rhg2+
1/2-1/2

[Event "7eme Open de Saint-Chely d'Aubrac"]
[Site "Saint-Chely d'Aubrac (12)"]
[Date "2007.07.18"]
[Round "6.19"]
[White "Veys, Vincent"]
[Black "Cuq, Christian"]
[Result "0-1"]
[WhiteElo "1490"]
[BlackElo "1720"]
[PlyCount "100"]
[EventDate "2007.??.??"]

1. e4 d5 2. exd5 Qxd5 3. Nc3 Qa5 4. d4 Bf5 5. Bd3 Bg6 6. Be3 Nf6 7. Qd2 c6 8.
Nf3 e6 9. Ne2 Qxd2+ 10. Bxd2 Bd6 11. Bxg6 hxg6 12. O-O-O Nbd7 13. h3 Nb6 14.
Rhe1 O-O 15. Bf4 Rfd8 16. Bxd6 Rxd6 17. b3 Rdd8 18. c4 a5 19. c5 Nbd5 20. Rd3
Nb4 21. Re3 Nfd5 22. Re4 Nd3+ 23. Kd1 Nxf2+ 24. Kc1 Nxe4 25. Nf4 Nxf4 26. Rxe4
Nd5 27. Re1 a4 28. Re2 axb3 29. axb3 Nb4 30. g4 Ra1+ 31. Kd2 Ra2+ 32. Ke1 Rxe2+
33. Kxe2 Nd5 34. Kf2 Ra8 35. Kg3 Ra3 36. Nd2 Ra2 37. Nf3 Rb2 38. b4 Nxb4 39.
Ne5 Nc2 40. Nf3 Rb3 41. h4 Nxd4 42. Kf2 Rxf3+ 43. Kg2 e5 44. h5 e4 45. h6 e3
46. h7+ Kxh7 47. g5 e2 48. Kh2 e1=Q 49. Kg2 Qe2+ 50. Kg1 Rf1# 0-1

[Event "7eme Open de Saint-Chely d'Aubrac"]
[Site "Saint-Chely d'Aubrac (12)"]
[Date "2007.07.18"]
[Round "6.20"]
[White "Desboeufs, Claude"]
[Black "Meyer, Bernard"]
[Result "1-0"]
[WhiteElo "1660"]
[BlackElo "1410"]
[PlyCount "76"]
[EventDate "2007.??.??"]

1. c4 e5 2. Nc3 Nf6 3. Nf3 Nc6 4. g3 Bb4 5. Bg2 O-O 6. O-O Re8 7. Qc2 d5 8.
cxd5 Nd4 9. Qd1 Bxc3 10. bxc3 Nxf3+ 11. Bxf3 Nxd5 12. Qc2 c6 13. Rb1 Rb8 14. d3
a5 15. a3 Bh3 16. Bg2 Bxg2 17. Kxg2 b5 18. e4 Nf6 19. f4 Ng4 20. Qe2 Qd7 21. f5
Nf6 22. Bg5 Qd6 23. Bc1 Red8 24. Rf3 c5 25. h3 b4 26. c4 bxa3 27. Rxb8 Rxb8 28.
Bxa3 Rb3 29. Bc1 Qb6 30. g4 h5 31. g5 Nh7 32. h4 a4 33. g6 fxg6 34. fxg6 Qxg6+
35. Rg3 Qe8 36. Bh6 g6 37. Qxh5 Rb2+ 38. Kf3 Qf7+ 1-0

[Event "7eme Open de Saint-Chely d'Aubrac"]
[Site "Saint-Chely d'Aubrac (12)"]
[Date "2007.07.18"]
[Round "6.21"]
[White "Wavresky, Andre"]
[Black "Saucey, Milena"]
[Result "1-0"]
[WhiteElo "1590"]
[BlackElo "1380"]
[PlyCount "79"]
[EventDate "2007.??.??"]

1. e4 e5 2. Nf3 Nc6 3. Bb5 a6 4. Bxc6 dxc6 5. O-O Bd6 6. d4 Bg4 7. dxe5 Bxf3 8.
Qxf3 Bxe5 9. Nd2 b5 10. Nb3 Qf6 11. Qxf6 Nxf6 12. Re1 O-O 13. f4 Bd6 14. e5
Rae8 15. Bd2 Be7 16. exf6 Bxf6 17. Rxe8 Rxe8 18. c3 Re2 19. Re1 Rxe1+ 20. Bxe1
Kf8 21. Kf2 Ke7 22. Kf3 Kd6 23. Ke4 Ke6 24. Nc5+ Kd6 25. Nxa6 c5 26. Bf2 c4 27.
Nb4 g6 28. Bd4 Bxd4 29. cxd4 f5+ 30. Ke3 c5 31. dxc5+ Kxc5 32. Nc2 b4 33. g3 h6
34. h3 h5 35. h4 b3 36. axb3 cxb3 37. Nd4 Kc4 38. Ne6 Kd5 39. Nf8 Kd6 40. Nxg6
1-0

[Event "7eme Open de Saint-Chely d'Aubrac"]
[Site "Saint-Chely d'Aubrac (12)"]
[Date "2007.07.18"]
[Round "6.22"]
[White "Marie, Olivier"]
[Black "Manser, Luca"]
[Result "1/2-1/2"]
[WhiteElo "1550"]
[BlackElo "1590"]
[PlyCount "32"]
[EventDate "2007.??.??"]

1. d4 d5 2. c4 e6 3. Nc3 Nf6 4. Bg5 Be7 5. e3 O-O 6. Nf3 b6 7. Qc2 c5 8. Rc1
Bb7 9. Bxf6 Bxf6 10. dxc5 bxc5 11. cxd5 exd5 12. Na4 c4 13. Rd1 Qa5+ 14. Nc3
Nc6 15. a3 Bxc3+ 16. Qxc3 Qxc3+ 1/2-1/2

[Event "7eme Open de Saint-Chely d'Aubrac"]
[Site "Saint-Chely d'Aubrac (12)"]
[Date "2007.07.18"]
[Round "6.23"]
[White "Jaafar, Nacer"]
[Black "Ruetsch, Johan"]
[Result "1-0"]
[WhiteElo "1460"]
[BlackElo "1590"]
[PlyCount "45"]
[EventDate "2007.??.??"]

1. e4 c5 2. Nc3 Nc6 3. g3 g6 4. Bg2 Bg7 5. Nge2 e6 6. O-O Nge7 7. h3 O-O 8. Kh2
b6 9. d3 Bb7 10. Bd2 Qc7 11. Qc1 Rfd8 12. f4 Rf8 13. Rb1 Rad8 14. Nb5 Qb8 15.
Bc3 a6 16. Bxg7 Kxg7 17. Nbc3 b5 18. b3 Qa7 19. Qb2 Kg8 20. Nd1 a5 21. Ne3 c4
22. Ng4 cxd3 23. Nh6# 1-0

[Event "7eme Open de Saint-Chely d'Aubrac"]
[Site "Saint-Chely d'Aubrac (12)"]
[Date "2007.07.18"]
[Round "6.24"]
[White "Tassetti, Florent"]
[Black "Causse, Michel"]
[Result "1-0"]
[WhiteElo "1560"]
[BlackElo "1360"]
[PlyCount "105"]
[EventDate "2007.??.??"]

1. Nf3 d5 2. g3 Nf6 3. Bg2 Nc6 4. O-O Bg4 5. d3 e6 6. Nbd2 Be7 7. c3 O-O 8. Qc2
h6 9. Re1 Bf5 10. e4 dxe4 11. dxe4 Bg6 12. Nc4 Nd7 13. Rd1 Qe8 14. Bf4 b5 15.
Nce5 Ncxe5 16. Nxe5 Nxe5 17. Bxe5 c6 18. c4 Rc8 19. Qc3 f6 20. Bd6 e5 21. Qb4
Rf7 22. Bh3 c5 23. Qxb5 f5 24. exf5 Bxf5 25. Qxe8+ Rxe8 26. g4 Be6 27. Bxe5 g5
28. b3 h5 29. Re1 hxg4 30. Bg2 Kh7 31. Rad1 Kh6 32. Bd5 Bxd5 33. Rxd5 Ref8 34.
Re2 Kg6 35. Kg2 Bf6 36. Bd6 Rh8 37. Bxc5 Rfh7 38. Bd6 Bc3 39. Rc2 Be1 40. Bg3
Rf8 41. c5 Ba5 42. c6 Bc7 43. Bxc7 Rxc7 44. Rd7 Rf7 45. Rxc7 Rxc7 46. Kg3 Kh5
47. b4 a6 48. a4 Rc8 49. c7 Kg6 50. b5 axb5 51. axb5 Ra8 52. c8=Q Ra3+ 53. Kg2
1-0

[Event "7eme Open de Saint-Chely d'Aubrac"]
[Site "Saint-Chely d'Aubrac (12)"]
[Date "2007.07.18"]
[Round "6.25"]
[White "Schneider, Martin"]
[Black "Le Picard, Christopher"]
[Result "0-1"]
[WhiteElo "1199"]
[BlackElo "1560"]
[PlyCount "42"]
[EventDate "2007.??.??"]

1. e4 e5 2. Nf3 Nc6 3. Nc3 Bc5 4. d3 d6 5. Be2 Nge7 6. O-O O-O 7. Bd2 h6 8. Qc1
Bg4 9. h3 Bxf3 10. Bxf3 Nd4 11. Qd1 f5 12. exf5 Nexf5 13. Bxb7 Rb8 14. Bd5+ Kh8
15. Rb1 Qf6 16. a3 Ne7 17. Be4 Qe6 18. b4 Bb6 19. Be3 d5 20. Bf3 Nxf3+ 21. Qxf3
Rxf3 0-1

[Event "7eme Open de Saint-Chely d'Aubrac"]
[Site "Saint-Chely d'Aubrac (12)"]
[Date "2007.07.18"]
[Round "6.26"]
[White "Vernet, Pierrick"]
[Black "Heudre, Clement"]
[Result "0-1"]
[WhiteElo "1199"]
[BlackElo "1420"]
[PlyCount "72"]
[EventDate "2007.??.??"]

1. e4 e5 2. Nf3 Nc6 3. Bc4 Nf6 4. Ng5 d5 5. Bb5 h6 6. Bxc6+ bxc6 7. Nf3 Bg4 8.
d4 dxe4 9. h3 exf3 10. gxf3 Bf5 11. f4 Qxd4 12. c3 Qxd1+ 13. Kxd1 Bd6 14. Re1
Nd7 15. Nd2 O-O-O 16. Nc4 exf4 17. Na5 Nb8 18. b4 Bxb4+ 19. Ke2 Rhe8+ 20. Kf1
Rxe1+ 21. Kxe1 Bxc3+ 22. Kf1 Bxa1 23. Bxf4 Bd3+ 24. Kg1 Bc3 25. Nb3 Na6 26. h4
Bc4 27. Nc1 Bd2 28. Ne2 Bxe2 29. Bxd2 Rxd2 30. a3 Ra2 31. a4 Rxa4 32. f3 Bxf3
33. Kf2 Bd5 34. h5 Rh4 35. Kg3 Rxh5 36. Kg4 g6 0-1